| 000 | 00823nam a2200217 a 4500 | ||
|---|---|---|---|
| 001 | 65860 | ||
| 003 | BD-RjUL | ||
| 005 | 20211209081455.0 | ||
| 008 | 170312s1987 bg ||||| |||| 00| 0 ben d | ||
| 035 | _a(BD-RjUL)65990 | ||
| 040 |
_aBD-RjUL _bben _cBD-RjUL |
||
| 041 | _aben | ||
| 082 |
_223 _a954.14 _bSAB 1987 |
||
| 100 |
_aশরীফ, আহমদ _9170412 |
||
| 245 | 1 | 0 |
_aবাঙালীর চিন্তা-চেতনার বির্বতনধারা / _cআহমদ শরীফ |
| 260 |
_aঢাকা : _bদি ইউনির্ভাসিটি প্রেস লিমিটেড, _c১৯৮৭ |
||
| 300 |
_a১৯৩ পৃ. ; _c১৯ সে. মি. |
||
| 504 | _aরেফারেন্স সংযুক্ত | ||
| 651 |
_aBengal (India) -- _zHistory. _9210837 |
||
| 942 |
_2ddc _cBK |
||
| 999 |
_c65860 _d65860 |
||